ბათუმის შოთა რუსთაველის სახელმწიფო უნივერსიტეტის ბიბლიოთეკა

ქართველი მუჰაჯირები თურქეთის შავიზღვისპირეთში (ეთნომენტალური მარკერები და პოლიტიკურ -კულტურული მეხსიერების საკითხები) / (ბიბ.ჩანაწერი № 53548)

000 -ლიდერი
ფიქსირებული სიგრძის საკონტროლო ველი 01866nam a2200241Ia 4500
001 - საკონტროლო ნომერი
საკონტროლო ველი 20594
003 - საკონტროლო ნომრის იდენტიფიკატორი
საკონტროლო ველი GE_BSU
005 - ბოლო ოპერაციის თარიღი და დრო
საკონტროლო ველი 20210329165145.0
008 - ფიქსირებული სიგრძის მონაცემთა ელემენტები - ზოგადი ინფორმაცია
ფიქსირებული სიგრძის საკონტროლო ველი 181216s2017||||ge |||||||||||||| ||geo||
040 ## - კატალოგიზაციის წყარო
Transcribing agency GE_BSU
041 ## - ენის კოდი
Language code of text/sound track or separate title geo
080 ## - უნივერსალური ათობითი კლასიფიკაციის ინდექსი
Universal Decimal Classification number 94 ფ-98
100 ## - მთავარი ჩანაწერი - პიროვნების სახელი
Personal name ფუტკარაძე, ნანი
9 (RLIN) 10807
245 ## - ცნობა სათაურის შესახებ
Title ქართველი მუჰაჯირები თურქეთის შავიზღვისპირეთში (ეთნომენტალური მარკერები და პოლიტიკურ -კულტურული მეხსიერების საკითხები) /
Statement of responsibility, etc ნანი ფუტკარაძე; მეცნ.ხელმძღვანელი ზაზა შაშიკაძე, თამაზ ფუტკარაძე; ბსუ; ჰუმანიტარულ მეცნიერებათა ფაკულტეტი ისტორიის,არქეოლოგიისა და ეთნოლოგიის დეპარტამენტი
264 ## - წარმოების, გამოცემის, დისტრიბუციის და სხვა ცნობები
გამოცემის, წარმოების, დისტრიბუციის... ადგილი ბათუმი:
გამოცემის, წარმოების, დისტრიბუციის... სახელწოდება ბსუ,
გამოცემის, წარმოების, დისტრიბუციის... თარიღი 2017
300 ## - ფიზიკური აღწერა
Extent 189გვ.:
Other physical details რუკა,
Dimensions 30 სმ.
653 ## - INDEX TERM--UNCONTROLLED
Uncontrolled term დისერტაცია
653 ## - INDEX TERM--UNCONTROLLED
Uncontrolled term ისტორია
653 ## - INDEX TERM--UNCONTROLLED
Uncontrolled term ქართველი მუჰაჯირები თურქეთის შავიზღვისპირეთში(ეთნომენტალური მარკერები და პოლიტიკურ-კულტურული მეხსიერების საკითხები)
700 ## - ADDED ENTRY--PERSONAL NAME
Personal name შაშიკაძე, ზაზა
Relator term მეცნ.ხელმძღვანელი
9 (RLIN) 10808
700 ## - ADDED ENTRY--PERSONAL NAME
Personal name ფუტკარაძე, თამაზ
Relator term მეცნ.ხელმძღვანელი
9 (RLIN) 10809
942 ## - ADDED ENTRY ELEMENTS (KOHA)
Koha item type წიგნი
Source of classification or shelving scheme
ეგზემპლარები
ჩამოწერის სტატუსი დაკარგული ეგზემპლარის სტატუსი კლასიფიკაციის წყარო ან თაროზე გაწყობის სქემა დაზიანების სტატუსი არ გაიცემა მუდმივი მდებარეობა (დაცვის ადგილი) ამჟამინდელი ადგილსამყოფელი თაროზე განთავსების ადგილი შეძენის თარიღი სრული შენახვის შიფრი შტრიხკოდი ბოლო ოპერაციის თარიღი ეგზემპლარის მიმდევრობითი ნომერი (კეტერი?) ფასის ძალაში შესვლის თარიღი ეგზემპლარის სახეობა
          ბათუმის შოთა რუსთაველის სახელმწიფო უნივერსიტეტის მთავარი ბიბლიოთეკა ბათუმის შოთა რუსთაველის სახელმწიფო უნივერსიტეტის მთავარი ბიბლიოთეკა წიგნსაცავი 2018-12-17 94 ფ-98 282 დისერტაცია 2018-12-17 282 2018-12-17 დისერტაცია